Statistiques concernant Les artistes les plus récompenser aux Victoires de La Musique

Cliquez ici pour prendre le quiz!

Statistiques générales

  • Ce quiz a été pris 63 fois
  • Le résultat moyen est 6 sur 21

Statistiques - réponses

Nombre de récompensesArtistes% Correct
12Orelsan
66%
10Johnny Hallyday
57%
6Jean-Jacques Goldman
53%
5Angèle
42%
6Zazie
40%
5Michel Sardou
38%
10Alain Souchon
36%
5Laurent Voulzy
34%
6Renaud
34%
7Stromae
32%
13Alain Bashung
26%
5Eddy Mitchell
26%
7Vanessa Paradis
26%
13Matthieu Chedid
25%
6Benjamin Biolay
23%
5Julien Clerc
19%
5MC Solaar
19%
5Noir Désir
15%
6Patricia Kaas
13%
5Camille
11%
5Michel Jonasz
11%

Distribution des résultats

Percentile par nombre de réponses

% des personnes avec chaque résultat

Votre développement - résultats

Vous n’avez pas pris ce quiz